Las calles y plazas de Lérida a través de la historia. (Record no. 95398)

MARC details
000 -LEADER
campo de control de longitud fija 00777nam a2200229 i 4500
001 - NÚMERO DE CONTROL
campo de control 95398
003 - IDENTIFICADOR DE NÚMERO DE CONTROL
campo de control ES-MaACL
005 - FECHA Y HORA DE LA ÚLTIMA TRANSACCIÓN
campo de control 20250822063141.0
007 - CAMPO FIJO DE DESCRIPCIÓN FÍSICA--INFORMACIÓN GENERAL
campo de control de longitud fija t|
008 - DATOS DE LONGITUD FIJA--INFORMACIÓN GENERAL
campo de control de longitud fija 050527s1961 sp ||||1| spa d
100 1# - ENTRADA PRINCIPAL--NOMBRE DE PERSONA
Nombre de persona Lladonosa i Pujol, Josep,
Fechas asociadas al nombre 1907-1990
9 (RLIN) 72657
245 14 - MENCIÓN DEL TÍTULO
Título Las calles y plazas de Lérida a través de la historia.
Número de parte o sección de la obra 1 /
Mención de responsabilidad, etc. por José Lladonosa Pujol.
260 ## - PUBLICACIÓN, DISTRIBUCIÓN, ETC.
Lugar de publicación, distribución, etc. Lérida :
Nombre del editor, distribuidor, etc. A.G. Ilerda,
Fecha de publicación, distribución, etc. 1961.
300 ## - DESCRIPCIÓN FÍSICA
Extensión 1 v. (313 p.) ;
Dimensiones 17 cm.
594 ## - Nota al título y mención de responsabilidad
Nota al título y mención de responsabilidad Precede al tít.: Ayuntamiento de Lérida, Sección de Cultura.
650 #4 - PUNTO DE ACCESO ADICIONAL DE MATERIA--TÉRMINO DE MATERIA
Término de materia o nombre geográfico como elemento de entrada Calles-
Subdivisión geográfica Lérida.
9 (RLIN) 172263
650 #4 - PUNTO DE ACCESO ADICIONAL DE MATERIA--TÉRMINO DE MATERIA
Término de materia o nombre geográfico como elemento de entrada Plazas-
Subdivisión geográfica Lérida.
9 (RLIN) 172264
651 #4 - PUNTO DE ACCESO ADICIONAL DE MATERIA--NOMBRE GEOGRÁFICO
Nombre geográfico Lérida-
Subdivisión general Historia.
9 (RLIN) 168306
710 1# - ENTRADA AGREGADA--NOMBRE DE ENTIDAD CORPORATIVA
Nombre de entidad corporativa o nombre de jurisdicción como elemento de entrada Lérida.
Unidad subordinada Ayuntamiento.
9 (RLIN) 5496
852 ## - LOCALIZACIÓN
Ubicación ES-MaACL
Número de control de estantería E-3739
Holdings
Estatus retirado Estado de pérdida Estado de daño No para préstamo Biblioteca de origen Biblioteca actual Ubicación en estantería Fecha de adquisición Fuente de adquisición Total de préstamos Signatura topográfica completa Código de barras Visto por última vez Precio de reemplazo Tipo de ítem Koha
        Biblioteca del Ateneo de Madrid Biblioteca del Ateneo de Madrid Depósito 2 17/01/2008     E-3739 1099614 23/02/2023 23/02/2023 Libro impreso